Design Thinking : Process and Methods Guide /

Salvato in:
Dettagli Bibliografici
Autore principale: Curedale, Robert (autor)
Natura: Libro
Lingua:inglese
Pubblicazione: Los Angeles, EUA : Design Community College, 2016, c2016
Edizione:2a edición
Soggetti:
Tags: Aggiungi Tag
Nessun Tag, puoi essere il primo ad aggiungerne!!

MARC

LEADER 00000nam^a2200000^a^4500
001 000373065
005 20250521000000.0
009 20260310120028.579
020 |a 978-1-940805-20-7 
037 |a Acervo ITESO - Biblioteca 
041 |a ING 
082 |a 658. 4063  |b CUR 
100 |a Curedale, Robert  |e (autor) 
245 1 0 |a Design Thinking :  |b Process and Methods Guide /  |c R. Curedale. 
250 |a 2a edición 
264 4 |a Los Angeles, EUA :  |b Design Community College,  |c 2016, c2016 
300 |a 421 p. 
336 |a texto  |b txt  |2 rdacontenido 
337 |a sin mediación  |b n  |2 rdamedio 
338 |a volumen  |b nc  |2 rdasoporte 
521 |a 2019 BO Licenciatura en Publicidad y Comunicación Estratégica 
521 |a 2020 BO Maestría en Diseño Estratégico e Innovación Social 
649 |a XX 
650 |a Diseño del Producto -  |x Tema Principal 
650 |a Creatividad -  |x Tema Principal 
650 |a Innovación Administrativa -  |x Tema Principal 
650 |a Cambio Organizacional 
650 |a Planeación Estratégica 
650 |a Planeación Administrativa 
650 |a Proceso Administrativo -  |x Dirección 
650 |a Administración 
910 |a Fondo General 
920 |a Impresos - Libros 
930 |a Colección General 
905 |a 101 
901 |a 0500267306  |b IT1  |c ACC  |i C150762  |u 20250521 
901 |a 0500274722  |b IT1  |c ACC  |i C151977  |u 20250521 
901 |a 0500274723  |b IT1  |c ACC  |i C151976  |u 20250521 
902 |a https://opac.biblio.iteso.mx/vufind/Record/000373065